[Event "Lisbon Portugal op"]
[Site "Lisbon"]
[Date "2020.01.31"]
[Round "8"]
[White "Correia, Mario Rui Costa"]
[Black "Chkhaidze, Nikoloz"]
[Result "1/2-1/2"]
[WhiteElo "2133"]
[BlackElo "2288"]
[PlyCount "51"]
[EventDate "2020.01.25"]
[EventType "swiss"]
[EventRounds "9"]
[EventCountry "POR"]
[SourceTitle "CBM 194"]
[Source "ChessBase"]
[SourceDate "2020.01.27"]
[SourceVersion "1"]
[SourceVersionDate "2020.01.27"]
[SourceQuality "1"]

1. e4 e5 2. Nf3 Nc6 3. d4 exd4 4. Nxd4 Nf6 5. Nxc6 bxc6 6. e5 Qe7 7. Qe2 Nd5 8. c4 Nb6 9. b3 Qe6 10. g3 Bb4+ 11. Bd2 a5 12. Bg2 0-0 13. 0-0 d5 14. a3 Bxd2 15. Nxd2 Ba6 16. Rfc1 f6 17. f4 Rfe8 18. Nf3 Qf7 19. Qb2 dxc4 20. exf6 gxf6 21. Nd4 c5 22. Nf5 Qe6 23. Bh3 Qc6 24. Bg2 Qe6 25. Bh3 Qc6 26. Bg2 1/2-1/2

[Event "Lisbon Portugal op"]
[Site "Lisbon"]
[Date "2020.01.27"]
[Round "4"]
[White "Arizmendi Martinez, Julen Luis"]
[Black "Correia, Mario Rui Costa"]
[Result "1-0"]
[WhiteElo "2505"]
[BlackElo "2133"]
[PlyCount "71"]
[EventDate "2020.01.25"]
[EventType "swiss"]
[EventRounds "9"]
[EventCountry "POR"]
[SourceTitle "CBM 194"]
[Source "ChessBase"]
[SourceDate "2020.01.27"]
[SourceVersion "1"]
[SourceVersionDate "2020.01.27"]
[SourceQuality "1"]

1. e4 c5 2. Nf3 Nc6 3. d4 cxd4 4. Nxd4 g6 5. Nc3 Bg7 6. Be3 Nf6 7. Bc4 Qa5 8. 0-0 0-0 9. Bb3 d6 10. h3 Bd7 11. Re1 Nxd4 12. Bxd4 Bc6 13. Nd5 Rfe8 14. Bc3 Qd8 15. Nxf6+ Bxf6 16. Bxf6 exf6 17. Qd4 f5 18. exf5 Qg5 19. Qg4 Qxf5 20. Qxf5 gxf5 21. Red1 Rad8 22. Rd4 Re4 23. Rad1 Rxd4 24. Rxd4 Kg7 25. f3 Kf6 26. Kf2 h5 27. c3 b6 28. Bc2 Ke5 29. g3 Bd7 30. f4+ Ke6 31. h4 f6 32. Rc4 d5 33. Rc7 a5 34. Rb7 b5 35. Rb6+ Ke7 36. Bd3 1-0

[Event "Fortaleza Cearense-ch"]
[Site "Fortaleza"]
[Date "2018.11.28"]
[Round "6"]
[White "Correia, Mario Rui Costa"]
[Black "Palacio, Igor Da Paz"]
[Result "1-0"]
[WhiteElo "2075"]
[BlackElo "2093"]
[PlyCount "89"]
[EventDate "2018.11.20"]
[EventType "tourn"]
[EventRounds "9"]
[EventCountry "BRA"]
[SourceTitle "CBM 187 Extra"]
[Source "ChessBase"]
[SourceDate "2018.11.04"]
[SourceVersion "1"]
[SourceVersionDate "2018.11.04"]
[SourceQuality "1"]

1. d4 Nf6 2. Nf3 g6 3. c4 Bg7 4. Nc3 d6 5. Bg5 h6 6. Bh4 0-0 7. e3 c5 8. Be2 Na6 9. 0-0 g5 10. Bg3 Nh5 11. dxc5 Nxg3 12. hxg3 Bxc3 13. bxc3 dxc5 14. Qc2 Qd6 15. Rad1 Qf6 16. e4 e5 17. Rd5 Be6 18. Nxe5 Bxd5 19. Ng4 Qg7 20. cxd5 Nc7 21. Ne3 Ne8 22. f4 f6 23. Nf5 Qh7 24. Bh5 Kh8 25. fxg5 hxg5 26. Bg4 Rd8 27. Kf2 Nd6 28. Nxd6 Rxd6 29. Bf5 Qe7 30. Rh1+ Kg8 31. Qe2 Rf7 32. Qh5 Rg7 33. Bg6 Kf8 34. Bf5 Qf7 35. Qg4 Ke7 36. Rb1 Rb6 37. d6+ Kxd6 38. Rd1+ Kc6 39. Be6 Qe8 40. Qf5 Kc7 41. Qxc5+ Kb8 42. Bf5 Rg8 43. Rd7 Qe5 44. Qc4 Rc8 45. Rxb7+ 1-0

[Event "Fortaleza Correa Cup"]
[Site "Fortaleza"]
[Date "2018.02.28"]
[Round "1"]
[White "Pinheiro, Iung Alicio"]
[Black "Correia, Mario Rui Costa"]
[Result "1/2-1/2"]
[WhiteElo "2356"]
[BlackElo "2102"]
[PlyCount "66"]
[EventDate "2018.02.28"]
[EventType "swiss"]
[EventRounds "5"]
[EventCountry "BRA"]
[SourceTitle "EXT 2019"]
[Source "ChessBase"]
[SourceDate "2018.10.10"]
[SourceVersion "1"]
[SourceVersionDate "2018.10.10"]
[SourceQuality "1"]

1. e4 c5 2. Nc3 Nc6 3. Bb5 Nd4 4. Bc4 e6 5. Nge2 a6 6. Nxd4 cxd4 7. Ne2 b5 8. Bb3 Bb7 9. d3 Bc5 10. 0-0 Ne7 11. Ng3 0-0 12. Qg4 Kh8 13. Nh5 Ng6 14. Bg5 Be7 15. Bd2 f5 16. exf5 Rxf5 17. Ng3 Rf7 18. Rae1 Qc7 19. Ne4 Raf8 20. f3 Rf5 21. Ng3 Rf4 22. Bxf4 Rxf4 23. Bxe6 Rxg4 24. Bxg4 Ne5 25. Bh3 Kg8 26. Re2 g6 27. f4 Nc6 28. Bg4 Bd6 29. Ne4 Kg7 30. Ref2 Ne7 31. f5 Bxe4 32. f6+ Kh6 33. fxe7 Bxe7 1/2-1/2

[Event "Cearense-ch"]
[Site "Fortaleza"]
[Date "2017.11.21"]
[Round "5"]
[White "Correia, Mario Rui Costa"]
[Black "Palacio, Igor Da Paz"]
[Result "1-0"]
[WhiteElo "2075"]
[BlackElo "2128"]
[PlyCount "39"]
[EventDate "2017.11.15"]
[EventType "tourn"]
[EventRounds "9"]
[EventCountry "BRA"]
[SourceTitle "EXT 2019"]
[Source "ChessBase"]
[SourceDate "2018.10.10"]
[SourceVersion "1"]
[SourceVersionDate "2018.10.10"]
[SourceQuality "1"]

1. d4 Nf6 2. Nf3 g6 3. c4 Bg7 4. Nc3 d6 5. Bg5 h6 6. Bh4 g5 7. Bg3 Nh5 8. e3 Bf5 9. Bd3 Bxd3 10. Qxd3 c6 11. 0-0 Nd7 12. Nd2 Nxg3 13. fxg3 e6 14. Rf2 0-0 15. Raf1 Qe7 16. g4 Nf6 17. h3 h5 18. Nde4 Nxe4 19. Nxe4 h4 20. Rf6 1-0

[Event "Cearense-ch"]
[Site "Fortaleza"]
[Date "2017.11.15"]
[Round "1"]
[White "Correia, Mario Rui Costa"]
[Black "Monteiro, Jose Q Montenegro"]
[Result "1-0"]
[WhiteElo "2075"]
[BlackElo "1867"]
[PlyCount "67"]
[EventDate "2017.11.15"]
[EventType "tourn"]
[EventRounds "9"]
[EventCountry "BRA"]
[SourceTitle "EXT 2019"]
[Source "ChessBase"]
[SourceDate "2018.10.10"]
[SourceVersion "1"]
[SourceVersionDate "2018.10.10"]
[SourceQuality "1"]

1. e4 d5 2. exd5 Qxd5 3. Nc3 Qd6 4. d4 c6 5. Nf3 Bg4 6. Be2 Nd7 7. Be3 Ngf6 8. Qd2 Bxf3 9. Bxf3 Nb6 10. Bf4 Qd7 11. 0-0 e6 12. Rad1 Be7 13. Bg3 0-0 14. Ne2 Nfd5 15. c3 Rac8 16. Rfe1 Rfd8 17. Nc1 c5 18. dxc5 Bxc5 19. Qe2 Bf8 20. Nb3 Qa4 21. Be4 g6 22. Bb1 Bg7 23. h4 Nf6 24. Nd4 Qc4 25. Bd3 Qd5 26. Nb5 Qh5 27. Nxa7 Qxe2 28. Rxe2 Ra8 29. Bc7 Rxd3 30. Rxd3 Nbd5 31. Nb5 Nxc7 32. Nxc7 Rxa2 33. Rd8+ Bf8 34. Ra8 1-0

[Event "Fortaleza Genti Memorial"]
[Site "Fortaleza"]
[Date "2017.09.24"]
[Round "6"]
[White "Simonetti Gomes, Sergio Augusto"]
[Black "Correia, Mario Rui Costa"]
[Result "0-1"]
[WhiteElo "1850"]
[BlackElo "2098"]
[PlyCount "48"]
[EventDate "2017.09.22"]
[EventType "swiss"]
[EventRounds "6"]
[EventCountry "BRA"]
[SourceTitle "CBM 180 Extra"]
[Source "ChessBase"]
[SourceDate "2017.10.06"]
[SourceVersion "1"]
[SourceVersionDate "2017.10.06"]
[SourceQuality "1"]

1. e4 c5 2. Nf3 Nc6 3. d4 cxd4 4. Nxd4 g6 5. Be3 Nf6 6. Nc3 Bg7 7. f3 0-0 8. Qd2 d5 9. Nxc6 bxc6 10. 0-0-0 e6 11. e5 Nd7 12. f4 c5 13. Bf2 Rb8 14. Na4 Qc7 15. h4 h5 16. Be2 Rb4 17. Nxc5 Rxb2 18. Kxb2 Nxc5 19. Qd4 Ne4 20. Be1 f6 21. Kc1 fxe5 22. fxe5 Bxe5 23. Qb4 Bd7 24. Qa5 Bf4+ 0-1

[Event "Fortaleza Edmar Monte 4th"]
[Site "Fortaleza"]
[Date "2017.07.29"]
[Round "4"]
[White "Palacio, Igor Da Paz"]
[Black "Correia, Mario Rui Costa"]
[Result "0-1"]
[WhiteElo "2115"]
[BlackElo "2072"]
[PlyCount "80"]
[EventDate "2017.07.27"]
[EventType "swiss"]
[EventRounds "6"]
[EventCountry "BRA"]
[SourceTitle "EXT 2018"]
[Source "ChessBase"]
[SourceDate "2017.10.13"]
[SourceVersion "1"]
[SourceVersionDate "2017.10.13"]
[SourceQuality "1"]

1. Nf3 d5 2. g3 c5 3. Bg2 Nc6 4. d3 Nf6 5. 0-0 Bf5 6. Nbd2 e6 7. c3 Be7 8. a3 h6 9. b4 0-0 10. Bb2 Rc8 11. Re1 Bh7 12. bxc5 Bxc5 13. c4 Bxf2+ 14. Kxf2 Qb6+ 15. Kf1 Ng4 16. c5 Qxc5 17. e3 Nxe3+ 18. Rxe3 Qxe3 19. Ne1 Bxd3+ 20. Nxd3 Qxd3+ 21. Qe2 Qxe2+ 22. Kxe2 Na5 23. Kd3 Nc4 24. Bd4 e5 25. Bxa7 e4+ 26. Ke2 f5 27. a4 g5 28. Bh3 Nxd2 29. Kxd2 Rc6 30. Rb1 Rf7 31. a5 Kh7 32. Rb5 f4 33. Rxd5 e3+ 34. Kd3 Re7 35. Bf5+ Kg7 36. Bd4+ Kf7 37. Bg4 Rc1 38. gxf4 gxf4 39. Rf5+ Kg6 40. Rh5 e2 0-1

[Event "Farias Brito Cearense-ch 55th"]
[Site "Farias Brito"]
[Date "2013.12.15"]
[Round "6"]
[White "Correia, Mario Rui Costa"]
[Black "Urquidi, Fabio Moraes"]
[Result "1-0"]
[WhiteElo "2128"]
[BlackElo "1805"]
[PlyCount "71"]
[EventDate "2013.12.12"]
[EventType "swiss"]
[EventRounds "6"]
[EventCountry "BRA"]
[SourceTitle "CBM 158 Extra"]
[Source "ChessBase"]
[SourceDate "2014.02.28"]
[SourceVersion "1"]
[SourceVersionDate "2014.02.28"]
[SourceQuality "1"]

1. e4 e6 2. d4 d5 3. Nd2 Nf6 4. e5 Nfd7 5. Bd3 c5 6. c3 Nc6 7. Ne2 f5 8. exf6 Nxf6 9. Nf3 cxd4 10. cxd4 Bb4+ 11. Bd2 Qa5 12. a3 Bxd2+ 13. Qxd2 Qxd2+ 14. Kxd2 Bd7 15. b4 0-0 16. Nc3 a6 17. Rhe1 Ng4 18. Ke2 Rac8 19. Rac1 Nxd4+ 20. Nxd4 Rxf2+ 21. Kd1 e5 22. Nxd5 Ba4+ 23. Nc2 Rd8 24. Bc4 Rxg2 25. Re2 Rg1+ 26. Kd2 Rxc1 27. Kxc1 Kf8 28. h3 Nf6 29. Rxe5 b5 30. Ba2 Rc8 31. Nde3 Rc3 32. Kd2 Rc6 33. Nd4 Rc8 34. Ne6+ Ke7 35. Nf5+ Kf7 36. Nd6+ 1-0